Manažment nákladov a možnosti ich znižovania vo vybranom podniku bakalárska práca

Salvato in:
Dettagli Bibliografici
Autore principale: Leniková, Diana
Ente Autore: Podnikovohospodárska fakulta EU so sídlom v Košiciach. Katedra finančného riadenia podniku
Altri autori: Feranecová, Adela, 1986-
Natura: Libro
Lingua:slovacco
Pubblicazione: Košice 2025
Tags: Aggiungi Tag
Nessun Tag, puoi essere il primo ad aggiungerne!!

MARC

LEADER 00000nbm a2200000 4500
001 0310911
005 20260204084949.6
041 0 |a slo 
044 |a SK 
245 1 0 |a Manažment nákladov a možnosti ich znižovania vo vybranom podniku  |b bakalárska práca  |c Diana Leniková ; školiteľ: Adela Feranecová 
264 1 |a Košice  |c 2025 
300 |a 59 s. 
100 1 |a Leniková, Diana 
700 1 |a Feranecová, Adela, 1986- 
710 2 |a Podnikovohospodárska fakulta EU so sídlom v Košiciach. Katedra finančného riadenia podniku